LEADER 01229nam a2200289 4500 001 000000344482 003 CaOOAMICUS 005 20170220110743.0 008 210224s2020 it 000 u ita r 020 $a978-88-6835-379-7 040 $aSeMil$bita 100 1 $aBenasayag, Miguel,$d<1953- >.$0(OLS)http://semarc/name/58998 245 10$aCinque lezioni di complessità /$cMiguel Benasayag, Teodoro Cohen. 264 1$aMilano :$bFondazione Giangiacomo Feltrinelli,$c2020. 300 $a116 p. ;$c22 cm 490 1 $aScenari 650 4$aSocietà - Cambiamento.$0(OLS)http://semarc/subject/50017 650 4$aFuturo - Aspetti sociali.$0(OLS)http://semarc/subject/40437 700 1 $aCohen, Teodoro.$0(OLS)http://semarc/name/113115 830 0$aScenari.$0(OLS)http://semarc/title/433557 850 $aSeMil 852 $aSeMil$W1$xVenegono$y1$m3N II 745$j224629$B235508$CSeMilBibl$Z2$F235508 $81 961 $aBrambilla don Paolo - Omaggio 996 $6020$a978-88-6835-379-7$9(OLS)http://semarc/number/292447 996 $6245$aCinque lezioni di complessità$9(OLS)http://semarc/title/433556 996 $6264$aMilano :$bFondazione Giangiacomo Feltrinelli$9(OLS)http://semarc/publisher/30947 LEADER 00681nam a2200181 i 4500 001 000000228226 003 CaOOAMICUS 005 20140321000000.0 008 140321s1922 it u000 u fre u 013 $a207128 040 $aSeMil$bita 245 13$aLa période des juges. 300 $aXVI, 431 p., [3] c. geogr. 700 1 $aDesnoyers, Louis <1874-1928>.$0(OLS)http://semarc/name/13497 773 0 $aDesnoyers, Louis <1874-1928>$tHistoire du Peuple Hébreu.$dParis : Picard, 1922-1930.$gTome1$w()29591 850 $aSeMil 852 $aSeMil$W1$xVenegono$y1$m2Y III 143$j178572$B178572$CSeMilBibl$Z2$F189449 $81 996 $6245$aLa période des juges$9(OLS)http://semarc/title/326667 LEADER 01075nam a2200241 i 4500 001 000000204716 003 CaOOAMICUS 005 20110803000000.0 008 110803s1966 it u000 u ita u 013 $a183444 040 $aSeMil$bita 100 1 $aNozzoli, Guido <1918-2000>.$0(OLS)http://semarc/name/73775 245 14$a"La Zanzara" :$bcronache e documenti di uno scandalo /$cGuido Nozzoli e Pier Maria Paoletti. 260 $aMilano :$bFeltrinelli,$c1966. 300 $a181 p. ;$c19 cm. 490 0 $aUniversale economica ;$v523 650 4$aLa Zanzara - Milano - Parini - 1966.$0(OLS)http://semarc/subject/38554 700 1 $aPaoletti, Pier Maria <1924-1995>.$0(OLS)http://semarc/name/61604 830 0$aUniversale economica ;$v523.$0(OLS)http://semarc/title/11224 850 $aSeMil 852 $aSeMil$W1$xVenegono$y1$m3U I 316$j155210$B155210$CSeMilBibl$Z2$F166112 $81 996 $6245$a"La Zanzara" :$bcronache e documenti di uno scandalo$9(OLS)http://semarc/title/296556 996 $6260$aMilano :$bFeltrinelli$9(OLS)http://semarc/publisher/30237